| 000 | 00863nam a22002417a 4500 | ||
|---|---|---|---|
| 001 | 000202789 | ||
| 003 | AM-YeHGA | ||
| 005 | 20250617124005.0 | ||
| 008 | 030329s1991 ru |||||||||||||||||rus d | ||
| 020 | _a5203006911 | ||
| 040 | _aAM-YeHGA | ||
| 041 | 0 | _arus | |
| 245 | 0 | 0 |
_aФлагманы / _cСост. А.П. Аристов и др. ; Ред. Г.А. Ивашкин. |
| 260 |
_aМосква : _bВоениздат, _c1991. |
||
| 300 |
_a281,[2] с. : _bпортр. ; _c21 см. |
||
| 440 | 0 | _aВременем разрешено | |
| 650 | 1 | 4 |
_aВоенно-Морской Флот _xИстория _zСССР _vСборники |
| 653 | 0 | _aРепрессии 30-40-х и начала 50-х гг. в СССР | |
| 700 | 1 |
_aАристов, А.П. _eсост. _4com |
|
| 700 | 1 |
_aИвашкин, Г.А. _eред. _4edt |
|
| 942 |
_2udc _cBK |
||
| 090 | _c71375 | ||
| 999 |
_c70185 _d70185 |
||